Análisis de consistencia del trazado en caminos de montaña, en la República de Guatemala / (Registro nro. 2326)

Detalles MARC
000 -LEADER
campo de control de longitud fija 02142nam a22003617a 4500
001 - NÚMERO DE CONTROL
campo de control 42835
003 - IDENTIFICADOR DE NÚMERO DE CONTROL
campo de control gtgccic
005 - FECHA Y HORA DE LA ÚLTIMA TRANSACCIÓN
campo de control 20251014112851.0
007 - CAMPO FIJO DE DESCRIPCIÓN FÍSICA--INFORMACIÓN GENERAL
campo de control de longitud fija ta
008 - DATOS DE LONGITUD FIJA--INFORMACIÓN GENERAL
campo de control de longitud fija 251014b gt ||||| |||| 00| 0 spa d
040 ## - FUENTE DE CATALOGACIÓN
Centro catalogador/agencia de origen gtgccic
Lengua de catalogación spa
Centro/agencia transcriptor gtgccic
Normas de descripción rda
084 ## - OTRO NÚMERO DE CLASIFICACIÓN
Número de control del registro de autoridad o número normalizado TPI-14-0064
100 10 - ENTRADA PRINCIPAL--NOMBRE DE PERSONA
Nombre de persona Erlin Aroldo Felipe Chiquitó
Fechas asociadas al nombre Ingeniero Civil
Término indicativo de función/relación autor
245 10 - MENCIÓN DEL TÍTULO
Título Análisis de consistencia del trazado en caminos de montaña, en la República de Guatemala /
Mención de responsabilidad, etc. Felipe Chiquitó, Erlin Aroldo
264 #1 - PRODUCCIÓN, PUBLICACIÓN, DISTRIBUCIÓN, FABRICACIÓN Y COPYRIGHT
Producción, publicación, distribución, fabricación y copyright Guatemala, Guatemala :
Nombre del de productor, editor, distribuidor, fabricante USAC, Facultad de Ingeniería ;
Fecha de producción, publicación, distribución, fabricación o copyright 2014.-
300 ## - DESCRIPCIÓN FÍSICA
Extensión xxiv, 104 p. :
Otras características físicas il. ;
Dimensiones 27 cm
336 ## - TIPO DE CONTENIDO
Fuente rdacontenido
Término de tipo de contenido Texto
Código de tipo de contenido txt
337 ## - TIPO DE MEDIO
Fuente rdamedio
Nombre/término del tipo de medio sin mediación
Código del tipo de medio n
338 ## - TIPO DE SOPORTE
Fuente rdasoporte
Nombre/término del tipo de soporte volumen
Código del tipo de soporte nc
502 ## - NOTA DE TESIS
Nota de tesis Tesis Postgrado
Tipo de título MAESTRO EN INGENIERÍA VIAL
Nombre de la institución que otorga el título USAC, Facultad de Ingeniería Escuela de Postgrado
Año de obtención del título 2014
Identificador de la tesis TPI-14-0064
504 ## - NOTA DE BIBLIOGRAFÍA, ETC.
Nota de bibliografía, etc. Nota Bibliografía pag. 93
505 ## - NOTA DE CONTENIDO CON FORMATO
Título 1. MARCO TEÓRICO
505 ## - NOTA DE CONTENIDO CON FORMATO
Título 2. DESARROLLO DE UN MODELO PARA LA PREDICCIÓN DE VELOCIDADES
505 ## - NOTA DE CONTENIDO CON FORMATO
Título 3. VALIDACIÓN DEL MODELO DESARROLLADO
505 ## - NOTA DE CONTENIDO CON FORMATO
Título 4. ANÁLISIS DE CONSISTENCIA DEL TRAZADO
520 #3 - RESUMEN, ETC.
Sumario, etc. La consistencia del trazado se refiere a la situación en la cual la geometría de la carretera concuerda con las expectativas del conductor. La mayoría de métodos que evalúan la consistencia del trazado están basados en el análisis del perfil de la velocidad operación. En el presente trabajo se desarrolla un modelo propio para la predicción de velocidades en curvas y se valida el modelo propuesto por Lamm, para la predicción de velocidades en tangentes, esto con el objetivo de construir el perfil de velocidades en los caminos de montaña. Guatemala por su topografía, muchos de sus caminos son de dos carriles y están ubicados en zonas montañosas, por lo que es de suma importancia contar con una herramienta que permita evaluar la seguridad de los diseños geométricos.
650 ## - PUNTO DE ACCESO ADICIONAL DE MATERIA--TÉRMINO DE MATERIA
Término de materia o nombre geográfico como elemento de entrada INGENIERÍA DE CAMINOS
650 ## - PUNTO DE ACCESO ADICIONAL DE MATERIA--TÉRMINO DE MATERIA
Término de materia o nombre geográfico como elemento de entrada CONSTRUCCIÓN VIAL
650 ## - PUNTO DE ACCESO ADICIONAL DE MATERIA--TÉRMINO DE MATERIA
Término de materia o nombre geográfico como elemento de entrada CARRETERAS
700 ## - ENTRADA AGREGADA--NOMBRE PERSONAL
Nombre de persona Ing. MSc. Dennis Salvador Argueta Mayorga
Término indicativo de función/relación asesor
942 ## - ELEMENTOS DE ENTRADA SECUNDARIOS (KOHA)
Fuente de la clasificación o esquema de estantería Clasificación Decimal Dewey
Tipo de ítem Koha TESISPOSTGRADO
945 ## - PROCESAMIENTO DE INFORMACIÓN LOCAL (OCLC)
a amlo
Existencias
Estatus retirado Estado de pérdida Fuente de la clasificación o esquema de estantería Estado de daño No para préstamo Biblioteca de origen Biblioteca actual Fecha de adquisición Número de inventario Total de préstamos Signatura topográfica completa Código de barras Visto por última vez Precio de reemplazo Tipo de ítem Koha Nota pública
    Clasificación Decimal Dewey     CENTRO DE INFORMACIÓN A LA CONSTRUCCIÓN-CICON CENTRO DE INFORMACIÓN A LA CONSTRUCCIÓN-CICON 14/10/2025 P20140064   TPI-14-0064 20140064 14/10/2025 14/10/2025 TESISPOSTGRADO disponible